| 000 | 00776nam a2200265Ia 4500 | ||
|---|---|---|---|
| 008 | 160803s9999 xx 000 0 und d | ||
| 020 | _a9780439221122 | ||
| 100 | _aAdler, David A. | ||
| 245 | _aLet's read about-- Martin Luther King, Jr. / | ||
| 245 | _cby Courtney Baker ; illustrated by Cornelius Van Wright and Ying-Hwa Hu. | ||
| 260 | _aNew York : | ||
| 260 | _bScholastic Inc. | ||
| 260 | _c1989 | ||
| 300 | _a1 volume (unpaged) : | ||
| 300 | _bcolor illustrations ; | ||
| 300 | _c23 cm. | ||
| 650 | _aAfrican Americans -- | ||
| 650 | _aCivil rights movements -- | ||
| 650 | _aCivil rights workers. | ||
| 650 | _aClergy. | ||
| 650 | _aKing, Martin Luther, -- Jr., -- 1929-1968. | ||
| 650 | _xBiography. | ||
| 650 | _xHistory. | ||
| 700 | _a680 | ||
| 999 |
_c298791 _d298791 |
||